[Event "Sachsen-Anhalt Verbandsliga 1920"]
[Site "Sachsen Anhalt"]
[Date "2019.12.08"]
[Round "4.2"]
[White "Sprengel, Rainer"]
[Black "David, Rene"]
[Result "1-0"]
[WhiteElo "1876"]
[BlackElo "2084"]
[PlyCount "57"]
[EventDate "2019.09.29"]
[EventType "team-tourn"]
[EventRounds "9"]
[EventCountry "GER"]
[SourceTitle "EXT 2023"]
[Source "ChessBase"]
[SourceDate "2022.10.05"]
[SourceVersion "1"]
[SourceVersionDate "2022.10.05"]
[SourceQuality "1"]
[WhiteTeam "Halle USV II"]
[BlackTeam "Coethen Germania"]
[WhiteTeamCountry "GER"]
[BlackTeamCountry "GER"]

1. g3 d5 2. e3 g6 3. Bg2 Bg7 4. Ne2 c6 5. d3 Nf6 6. Nd2 Nbd7 7. h3 Nc5 8. 0-0 Bf5 9. Nd4 Bd7 10. f4 Qb6 11. Kh2 h5 12. N2f3 Ne6 13. Nb3 Qc7 14. Qe1 Ng4+ 15. Kg1 Nh6 16. e4 a5 17. a4 Qb6+ 18. Be3 d4 19. Bd2 c5 20. Bxa5 Qc6 21. f5 Nf8 22. Nfd2 Ra6 23. e5 Qc8 24. f6 Bxf6 25. exf6 Re6 26. Ne4 Re5 27. Nbxc5 Bxh3 28. fxe7 Kxe7 29. Qb4 1-0

[Event "Sachsen-Anhalt Verbandsliga 2017/18"]
[Site "Sachsen Anhalt"]
[Date "2018.03.18"]
[Round "7.3"]
[White "Henning, Marvin"]
[Black "David, Rene"]
[Result "0-1"]
[WhiteElo "1966"]
[BlackElo "2213"]
[PlyCount "66"]
[EventDate "2017.12.22"]
[EventType "team-tourn"]
[EventRounds "9"]
[EventCountry "GER"]
[SourceTitle "EXT 2020"]
[Source "ChessBase"]
[SourceDate "2019.10.17"]
[SourceVersion "1"]
[SourceVersionDate "2019.10.17"]
[SourceQuality "1"]
[WhiteTeam "Reideburg 90 Halle"]
[BlackTeam "Coethen Germania"]
[WhiteTeamCountry "GER"]
[BlackTeamCountry "GER"]

1. e4 d5 2. exd5 Qxd5 3. Nc3 Qd8 4. d4 c6 5. Nf3 Bf5 6. Bf4 e6 7. Qd2 Bb4 8. Bc4 Nf6 9. 0-0 Ne4 10. Qe3 Nxc3 11. bxc3 Bd6 12. Ne5 0-0 13. Bd3 Bxd3 14. Nxd3 Bxf4 15. Qxf4 Nd7 16. Rab1 b5 17. Rfe1 Nb6 18. Nc5 Nd5 19. Qg3 Qa5 20. Rb3 Qxa2 21. c4 bxc4 22. Rb7 Rfe8 23. h4 Qxc2 24. Rxe6 Qd1+ 25. Kh2 Qxd4 26. Rxe8+ Rxe8 27. Rb8 Nf6 28. Ne6 fxe6 29. Rb7 Ng4+ 30. Kh3 Nxf2+ 31. Kh2 Qe5 32. Rxa7 Rd8 33. Rb7 Ng4+ 0-1

[Event "Oberliga Ost-A 1314"]
[Site "Germany"]
[Date "2014.04.06"]
[Round "11.3"]
[White "David, Rene"]
[Black "Moehn, Hans"]
[Result "1/2-1/2"]
[WhiteElo "2227"]
[BlackElo "2184"]
[PlyCount "57"]
[EventDate "2013.10.13"]
[EventType "team-tourn"]
[EventRounds "11"]
[EventCountry "GER"]
[SourceTitle "EXT 2015"]
[Source "ChessBase"]
[SourceDate "2014.11.20"]
[SourceVersion "1"]
[SourceVersionDate "2014.11.20"]
[SourceQuality "1"]
[WhiteTeam "Koethen Ludwigs"]
[BlackTeam "Dresden USV II"]
[WhiteTeamCountry "GER"]
[BlackTeamCountry "GER"]

1. d4 Nf6 2. c4 g6 3. Nc3 Bg7 4. e4 d6 5. h3 0-0 6. g4 a6 7. Bg5 c5 8. dxc5 Qa5 9. Qd2 Qxc5 10. Be3 Qa5 11. g5 Nfd7 12. Nd5 Qxd2+ 13. Bxd2 Nc6 14. Bc3 Nc5 15. f3 Bxc3+ 16. Nxc3 Be6 17. 0-0-0 Rfc8 18. Kb1 Ne5 19. Nd5 Bxd5 20. cxd5 b5 21. Rh2 Na4 22. Rc1 Rxc1+ 23. Kxc1 Rc8+ 24. Rc2 Rc5 25. b3 Nc3 26. Kd2 Nb1+ 27. Kc1 Nc3 28. Kd2 Nb1+ 29. Kc1 1/2-1/2

[Event "Oberliga Ost-A 1314"]
[Site "Germany"]
[Date "2014.04.05"]
[Round "10.2"]
[White "David, Rene"]
[Black "Siedentopf, Daniel"]
[Result "0-1"]
[WhiteElo "2227"]
[BlackElo "2311"]
[PlyCount "76"]
[EventDate "2013.10.13"]
[EventType "team-tourn"]
[EventRounds "11"]
[EventCountry "GER"]
[SourceTitle "EXT 2015"]
[Source "ChessBase"]
[SourceDate "2014.11.20"]
[SourceVersion "1"]
[SourceVersionDate "2014.11.20"]
[SourceQuality "1"]
[WhiteTeam "Koethen Ludwigs"]
[BlackTeam "Dresden Gruen Weiss"]
[WhiteTeamCountry "GER"]
[BlackTeamCountry "GER"]

1. d4 Nf6 2. c4 e6 3. Nc3 Bb4 4. Qc2 c5 5. dxc5 0-0 6. Nf3 Bxc5 7. Bg5 h6 8. Bh4 Nc6 9. e3 Be7 10. Be2 a6 11. 0-0 d6 12. Rfd1 Qc7 13. Rac1 Rd8 14. a3 Bd7 15. Nd5 exd5 16. cxd5 Nxd5 17. Rxd5 Bxh4 18. Nxh4 Be6 19. Rd2 Rac8 20. Nf5 Qa5 21. Nxd6 Nd4 22. Rxd4 Rxc2 23. Rxc2 Qe1+ 24. Bf1 Rd7 25. Rcd2 Bb3 26. R2d3 Rc7 27. Ne4 Rc1 28. Nd2 Bd1 29. h4 Be2 30. Rc3 Ra1 31. h5 Kh7 32. Rd8 Rd1 33. Rcc8 Bxh5 34. Kh2 Rxd2 35. Bd3+ Rxd3 36. Rxd3 Qxf2 37. Rcd8 Qxb2 38. Kg3 Bg6 0-1

[Event "Oberliga Ost-A 1314"]
[Site "Germany"]
[Date "2014.03.16"]
[Round "9.3"]
[White "David, Rene"]
[Black "Peil, Christoph"]
[Result "1-0"]
[WhiteElo "2227"]
[BlackElo "2015"]
[PlyCount "73"]
[EventDate "2013.10.13"]
[EventType "team-tourn"]
[EventRounds "11"]
[EventCountry "GER"]
[SourceTitle "EXT 2015"]
[Source "ChessBase"]
[SourceDate "2014.11.20"]
[SourceVersion "1"]
[SourceVersionDate "2014.11.20"]
[SourceQuality "1"]
[WhiteTeam "Koethen Ludwigs"]
[BlackTeam "Aue Nickelhuette II"]
[WhiteTeamCountry "GER"]
[BlackTeamCountry "GER"]

1. d4 Nf6 2. c4 g6 3. Nc3 Bg7 4. e4 d6 5. h3 0-0 6. Be3 e5 7. d5 Nfd7 8. g4 a5 9. Nge2 Nc5 10. Ng3 Bf6 11. Bg2 Nba6 12. a3 Bd7 13. b3 Bg5 14. Bxg5 Qxg5 15. Rb1 a4 16. b4 Nb3 17. 0-0 Kh8 18. Rb2 Rg8 19. Qd3 Raf8 20. Qe3 Qe7 21. f4 exf4 22. Qxf4 f6 23. Rbf2 Kg7 24. c5 Qe5 25. Qxe5 fxe5 26. c6 bxc6 27. dxc6 Rxf2 28. Rxf2 Be8 29. Bf1 Nb8 30. Bc4 Rh8 31. Nxa4 Nd4 32. b5 h5 33. gxh5 gxh5 34. Nc3 h4 35. Nf5+ Nxf5 36. exf5 Nxc6 37. f6+ 1-0

[Event "Oberliga Ost-A 1314"]
[Site "Germany"]
[Date "2014.01.19"]
[Round "7.3"]
[White "Schoene, Maria"]
[Black "David, Rene"]
[Result "1/2-1/2"]
[WhiteElo "2240"]
[BlackElo "2227"]
[PlyCount "60"]
[EventDate "2013.10.13"]
[EventType "team-tourn"]
[EventRounds "11"]
[EventCountry "GER"]
[SourceTitle "EXT 2015"]
[Source "ChessBase"]
[SourceDate "2014.11.20"]
[SourceVersion "1"]
[SourceVersionDate "2014.11.20"]
[SourceQuality "1"]
[WhiteTeam "Magdeburg Aufbau Elbe"]
[BlackTeam "Koethen Ludwigs"]
[WhiteTeamCountry "GER"]
[BlackTeamCountry "GER"]

1. e4 c5 2. Nf3 Nc6 3. d4 cxd4 4. Nxd4 g6 5. Nc3 Bg7 6. Be3 Nf6 7. Bc4 0-0 8. Bb3 d6 9. f3 Nxd4 10. Bxd4 Be6 11. Nd5 Nxd5 12. exd5 Qa5+ 13. c3 Bf5 14. Bxg7 Kxg7 15. 0-0 e5 16. dxe6 Qc5+ 17. Kh1 Bxe6 18. Qd2 Rfe8 19. f4 f5 20. Bc2 Re7 21. Rad1 Rae8 22. b4 Qc6 23. Bd3 Bc4 24. Bxc4 Qxc4 25. Qd4+ Qxd4 26. Rxd4 Re2 27. Rxd6 R8e7 28. h3 Rxa2 29. Rfd1 a5 30. bxa5 Rxa5 1/2-1/2

[Event "Oberliga Ost A 9798"]
[Site "Germany"]
[Date "1998.??.??"]
[Round "?.1"]
[White "David, Rene"]
[Black "Mehlhorn, Uwe"]
[Result "1-0"]
[WhiteElo "2260"]
[BlackElo "2175"]
[PlyCount "76"]
[EventDate "1997.09.??"]
[EventType "team"]
[EventRounds "11"]
[EventCountry "GER"]
[SourceTitle "EXT 1999"]
[Source "ChessBase"]
[SourceDate "1998.11.16"]
[SourceVersion "1"]
[SourceVersionDate "1998.11.16"]
[SourceQuality "1"]

1. d4 d6 2. c4 e5 3. Nc3 exd4 4. Qxd4 Nc6 5. Qe4+ Nge7 6. Bg5 Bf5 7. Qxf5 Nxf5 8. Bxd8 Nxd8 9. e3 Ne6 10. Nf3 g6 11. Bd3 Ne7 12. 0-0 Bg7 13. Rac1 0-0 14. Rfd1 Rfe8 15. Be4 Nc5 16. Bb1 Nc6 17. Nd5 Rac8 18. Rd2 Kf8 19. Ng5 Kg8 20. b4 Nd7 21. Ne4 Nce5 22. h3 f5 23. Ng5 h6 24. Nf3 Nxf3+ 25. gxf3 Kf7 26. Kg2 Nb6 27. a4 Nxa4 28. Ra2 c6 29. Nf4 b5 30. Bc2 Be5 31. Bxa4 bxa4 32. Nd3 Re7 33. Rxa4 Rb8 34. c5 d5 35. Rxa7 Bf6 36. Ra6 Rc7 37. Rb6 Rbb7 38. Rc2 Rc8 1-0

[Event "Oberliga Ost A 9798"]
[Site "Germany"]
[Date "1998.??.??"]
[Round "?.1"]
[White "Jahnel, Guenther"]
[Black "David, Rene"]
[Result "1-0"]
[WhiteElo "2240"]
[BlackElo "2260"]
[PlyCount "120"]
[EventDate "1997.09.??"]
[EventType "team"]
[EventRounds "11"]
[EventCountry "GER"]
[SourceTitle "EXT 1999"]
[Source "ChessBase"]
[SourceDate "1998.11.16"]
[SourceVersion "1"]
[SourceVersionDate "1998.11.16"]
[SourceQuality "1"]

1. d4 d5 2. c4 c6 3. Nf3 e6 4. Nc3 dxc4 5. a4 Bb4 6. e3 b5 7. Bd2 a5 8. axb5 Bxc3 9. Bxc3 cxb5 10. b3 Bb7 11. bxc4 b4 12. Bb2 Nf6 13. Bd3 Nbd7 14. 0-0 0-0 15. Nd2 Qc7 16. f4 a4 17. e4 a3 18. Bc1 Qb6 19. c5 Nxc5 20. Nc4 Qc7 21. dxc5 Bxe4 22. Be3 Rfd8 23. Nd6 Rxd6 24. cxd6 Qc3 25. Bd2 Qd4+ 26. Kh1 Bxd3 27. Bxb4 a2 28. Rf3 Ne4 29. Be1 Ra3 30. d7 Qxd7 31. Rxa2 Rxa2 32. Rxd3 Rf2 33. Kg1 Nd2 34. Rxd2 Rxd2 35. Qxd2 Qc7 36. h3 h6 37. Bf2 Qb8 38. Bd4 Qb1+ 39. Kh2 Qf5 40. Qe3 f6 41. Bc3 h5 42. Qg3 Kf7 43. Bd2 Qd5 44. Qe3 Qf5 45. Qf3 Kg6 46. Kg3 e5 47. fxe5 Qxe5+ 48. Bf4 Qe1+ 49. Kh2 Qb1 50. Bd6 Qc2 51. Kg3 Qb1 52. Kh4 Qb5 53. Bf4 Qf5 54. g4 hxg4 55. Qxg4+ Qxg4+ 56. Kxg4 Kh7 57. Kf5 g5 58. Be3 Kh6 59. Bd4 Kh5 60. Bf2 Kh6 1-0

[Event "BL2-Ost 9596"]
[Site "Germany"]
[Date "1996.??.??"]
[Round "?.3"]
[White "Bartsch, Berthold"]
[Black "David, Rene"]
[Result "1-0"]
[WhiteElo "2320"]
[BlackElo "2235"]
[PlyCount "107"]
[EventDate "1995.10.??"]
[EventType "team-tourn"]
[EventRounds "9"]
[EventCountry "GER"]
[SourceTitle "GER-chT2"]
[Source "ChessBase"]
[SourceDate "1999.07.01"]
[SourceVersion "1"]
[SourceVersionDate "1999.07.01"]
[SourceQuality "1"]
[WhiteTeam "Forchheim"]
[BlackTeam "Halle"]
[WhiteTeamCountry "GER"]
[BlackTeamCountry "GER"]

1. e4 d5 2. exd5 Qxd5 3. Nc3 Qa5 4. Bc4 Nf6 5. Qf3 Nc6 6. Nge2 Ne5 7. Qf4 Nxc4 8. Qxc4 c6 9. b4 Qc7 10. b5 e5 11. bxc6 bxc6 12. Rb1 Be6 13. Qa6 Bd6 14. Ba3 Bc8 15. Qa4 0-0 16. 0-0 Bf5 17. d3 Bxa3 18. Qxa3 Rab8 19. Ng3 Bg6 20. Rb3 Rb6 21. Qa5 Rc8 22. f3 Nd7 23. Na4 Rxb3 24. Qxc7 Rxc7 25. axb3 Kf8 26. Re1 f6 27. Kf2 Kf7 28. Re2 Nb6 29. Nc5 Nd5 30. Ke1 Nf4 31. Rf2 Ke7 32. Kd2 Rc8 33. Ne2 Nd5 34. Rf1 Kd6 35. Ne4+ Bxe4 36. fxe4 Nb6 37. Ra1 Rc7 38. c4 Nc8 39. b4 Rb7 40. c5+ Kd7 41. Kc3 Ne7 42. Kc4 Ng6 43. Ra6 Nh4 44. d4 exd4 45. Nxd4 Nxg2 46. Nxc6 Ne3+ 47. Kb3 Nf1 48. Kc3 Nxh2 49. Nxa7 Rb8 50. Rd6+ Kc7 51. b5 Ng4 52. b6+ Kb7 53. Rd7+ Ka6 54. Nc6 1-0

[Event "GER-chT U20"]
[Site "Berlin"]
[Date "1996.??.??"]
[Round "5"]
[White "David, Rene"]
[Black "Delemarre, Isabel"]
[Result "1/2-1/2"]
[WhiteElo "2235"]
[BlackElo "2210"]
[PlyCount "98"]
[EventDate "1996.??.??"]
[EventType "team"]
[EventRounds "5"]
[EventCountry "GER"]
[SourceTitle "Juniors"]
[Source "ChessBase"]
[SourceDate "1999.07.01"]
[SourceVersion "1"]
[SourceVersionDate "1999.07.01"]
[SourceQuality "1"]

1. d4 d6 2. Nf3 Bg4 3. c4 Nd7 4. Bg5 Ngf6 5. Nfd2 c6 6. f3 Bh5 7. Nc3 Qb6 8. Qb3 e5 9. e3 Qc7 10. Bd3 Be7 11. Bh4 Nf8 12. Bf2 Ne6 13. Ne2 0-0 14. 0-0 Rfe8 15. Bf5 Bf8 16. Bxe6 Rxe6 17. d5 Ree8 18. e4 Bg6 19. Rfc1 Nd7 20. Qc2 c5 21. a3 Be7 22. Be3 Qd8 23. b4 Bg5 24. Qb3 b6 25. b5 Bxe3+ 26. Qxe3 f5 27. exf5 Bxf5 28. Ng3 Bg6 29. Nge4 Nf6 30. Rc2 Rf8 31. Rca2 Nxe4 32. Nxe4 Bxe4 33. Qxe4 Rf4 34. Qe2 Rd4 35. a4 a5 36. bxa6 Rxa6 37. Qb2 Qd7 38. a5 Rxa5 39. Rxa5 bxa5 40. Rxa5 h6 41. Qc2 Qd8 42. Ra7 Qg5 43. Ra2 Qe3+ 44. Kf1 e4 45. Rb2 h5 46. Rb3 Rd3 47. Rxd3 exd3 48. Qd1 d2 49. Qe2 Qd4 1/2-1/2

[Event "BL2-Ost 9596"]
[Site "Germany"]
[Date "1996.??.??"]
[Round "?.3"]
[White "David, Rene"]
[Black "Machelett, Heiko"]
[Result "1-0"]
[WhiteElo "2235"]
[BlackElo "2385"]
[PlyCount "77"]
[EventDate "1995.10.??"]
[EventType "team-tourn"]
[EventRounds "9"]
[EventCountry "GER"]
[SourceTitle "GER-chT2"]
[Source "ChessBase"]
[SourceDate "1999.07.01"]
[SourceVersion "1"]
[SourceVersionDate "1999.07.01"]
[SourceQuality "1"]
[WhiteTeam "Halle"]
[BlackTeam "Erfurt"]
[WhiteTeamCountry "GER"]
[BlackTeamCountry "GER"]

1. d4 g6 2. c4 Bg7 3. Nc3 d6 4. Nf3 Nf6 5. e4 0-0 6. Be2 e5 7. d5 a5 8. h3 Nh5 9. g3 f5 10. exf5 gxf5 11. Ng5 Nf6 12. g4 Qe7 13. Rg1 Na6 14. Qc2 Nb4 15. Qb3 fxg4 16. hxg4 e4 17. Be3 Nd3+ 18. Kd2 h6 19. Ngxe4 a4 20. Nxf6+ Qxf6 21. Qc2 Nf4 22. Bf3 Nh3 23. Rg3 Ng5 24. Bh1 Bd7 25. f4 Nf7 26. Be4 Qh4 27. Rag1 a3 28. g5 h5 29. b3 Rfe8 30. Ne2 Re7 31. Rh1 Qxh1 32. Bxh1 Rae8 33. f5 Re5 34. Nd4 h4 35. Rf3 Re4 36. f6 Bg4 37. Ne6 Bxf3 38. Bxf3 Rxe3 39. Qg6 1-0

[Event "GER-ch U20"]
[Site "Halle"]
[Date "1996.??.??"]
[Round "3"]
[White "David, Rene"]
[Black "Naumann, Alexander"]
[Result "1/2-1/2"]
[WhiteElo "2235"]
[BlackElo "2365"]
[PlyCount "90"]
[EventDate "1996.??.??"]
[EventType "tourn"]
[EventRounds "9"]
[EventCountry "GER"]
[EventCategory "3"]
[SourceTitle "Juniors"]
[Source "ChessBase"]
[SourceDate "1999.07.01"]
[SourceVersion "1"]
[SourceVersionDate "1999.07.01"]
[SourceQuality "1"]

1. d4 Nf6 2. c4 g6 3. Nc3 Bg7 4. e4 0-0 5. Nf3 d6 6. h3 e5 7. d5 a5 8. Bg5 Na6 9. g4 Qe8 10. Nd2 Nd7 11. Rg1 Kh8 12. Be2 Ndc5 13. Nb3 f5 14. Nxc5 Nxc5 15. Qc2 Nxe4 16. Nxe4 fxe4 17. Qxe4 c6 18. Rg3 cxd5 19. cxd5 Bd7 20. Rc1 Rc8 21. Rxc8 Qxc8 22. h4 Qc5 23. Be3 Qb4+ 24. Qxb4 axb4 25. Bd2 Ra8 26. Bxb4 Rxa2 27. Rb3 h5 28. Bxd6 hxg4 29. Rxb7 Ra1+ 30. Kd2 Bf5 31. Be7 Ra4 32. Bb4 Bf6 33. Bc3 Bxh4 34. Bxe5+ Kg8 35. d6 Re4 36. Bc3 Bxf2 37. d7 Be3+ 38. Kd1 Bg5 39. Bd3 Rf4 40. Rb8+ Kf7 41. d8Q Bxd8 42. Rxd8 g3 43. Bxf5 gxf5 44. Rd7+ Ke6 45. Rg7 Rf3 1/2-1/2

[Event "GER-ch U20"]
[Site "Halle"]
[Date "1996.??.??"]
[Round "5"]
[White "Lytchak, Alexander"]
[Black "David, Rene"]
[Result "1-0"]
[WhiteElo "2295"]
[BlackElo "2235"]
[PlyCount "69"]
[EventDate "1996.??.??"]
[EventType "tourn"]
[EventRounds "9"]
[EventCountry "GER"]
[EventCategory "3"]
[SourceTitle "Juniors"]
[Source "ChessBase"]
[SourceDate "1999.07.01"]
[SourceVersion "1"]
[SourceVersionDate "1999.07.01"]
[SourceQuality "1"]

1. d4 d5 2. c4 c6 3. Nf3 e6 4. Qc2 Nf6 5. Bg5 Nbd7 6. e3 Be7 7. Nc3 0-0 8. Bd3 b6 9. Ne5 Nxe5 10. dxe5 Ng4 11. Bf4 Bh4 12. g3 Bg5 13. Bxh7+ Kh8 14. Bd3 Bxf4 15. exf4 f6 16. Qe2 Nh6 17. 0-0-0 f5 18. h3 b5 19. cxb5 d4 20. Nb1 cxb5 21. Na3 Bb7 22. Rhg1 a6 23. Kb1 Bd5 24. Rc1 Qa5 25. Rc2 Qa4 26. Rc5 Rac8 27. Qc2 Rxc5 28. Qxc5 Rd8 29. Qc7 Rf8 30. Qc5 Rf7 31. Rc1 Be4 32. Bxe4 fxe4 33. b3 Qa5 34. Nc4 Qc7 35. Nd6 1-0

[Event "GER-chT U20"]
[Site "Berlin"]
[Date "1996.??.??"]
[Round "1"]
[White "Wilhelmi, Christian"]
[Black "David, Rene"]
[Result "1-0"]
[WhiteElo "2355"]
[BlackElo "2235"]
[PlyCount "93"]
[EventDate "1996.??.??"]
[EventType "team"]
[EventRounds "5"]
[EventCountry "GER"]
[SourceTitle "Juniors"]
[Source "ChessBase"]
[SourceDate "1999.07.01"]
[SourceVersion "1"]
[SourceVersionDate "1999.07.01"]
[SourceQuality "1"]

1. Nf3 d5 2. g3 Nf6 3. Bg2 c6 4. b3 Bf5 5. Bb2 e6 6. d3 h6 7. Nbd2 Qa5 8. a3 Be7 9. 0-0 0-0 10. Qe1 Bh7 11. e4 dxe4 12. dxe4 Rd8 13. Qe2 Nbd7 14. e5 Ne8 15. Ne4 Qc7 16. Qe3 Qb6 17. Bd4 c5 18. Bc3 Nb8 19. Nfd2 Nc6 20. Nc4 Qc7 21. Nxc5 Bxc5 22. Qxc5 Bxc2 23. Ba5 Nxa5 24. Qxc7 Nxc7 25. Nxa5 Nd5 26. Rfc1 b6 27. Nc6 Bxb3 28. Nxd8 Rxd8 29. Rab1 Ba4 30. Rc4 b5 31. Rc5 Nb6 32. Bf1 Nd7 33. Rc7 Nxe5 34. Bxb5 Nf3+ 35. Kg2 Nd2 36. Rb2 Bd1 37. f4 a5 38. Rd7 Rxd7 39. Bxd7 Nc4 40. Rb8+ Kh7 41. a4 Kg6 42. Bc6 Ne3+ 43. Kf2 Nc2 44. Ra8 Nd4 45. Be8 Kf6 46. Ra7 Kg6 47. Bxf7+ 1-0

[Event "GER-ch U20 qual1"]
[Site "Germany"]
[Date "1995.??.??"]
[Round "5"]
[White "David, Rene"]
[Black "Enzmann, Steffen"]
[Result "1/2-1/2"]
[WhiteElo "2160"]
[BlackElo "2160"]
[PlyCount "58"]
[EventDate "1995.??.??"]
[EventType "tourn"]
[EventRounds "7"]
[EventCountry "GER"]
[SourceTitle "EXT 2000"]
[Source "ChessBase"]
[SourceDate "1999.11.16"]
[SourceVersion "1"]
[SourceVersionDate "1999.11.16"]
[SourceQuality "1"]

1. d4 Nf6 2. Nf3 g6 3. c4 Bg7 4. Nc3 0-0 5. e4 d6 6. h3 c5 7. d5 a6 8. Qc2 e6 9. Bd3 exd5 10. exd5 Re8+ 11. Be3 Nbd7 12. 0-0 Nh5 13. Ne4 Ne5 14. Nxe5 Bxe5 15. Bg5 f6 16. Bh4 Nf4 17. Rfe1 Kg7 18. Bg3 Nxd3 19. Qxd3 Bf5 20. Qb3 Qd7 21. Bxe5 Rxe5 22. Ng3 b5 23. Re3 Rae8 24. Rae1 bxc4 25. Qxc4 Rxe3 26. fxe3 Re5 27. Qxa6 Bxh3 28. gxh3 Qxh3 29. Kf2 Rf5+ 1/2-1/2

[Event "JBL NO 9596"]
[Site "Germany"]
[Date "1995.??.??"]
[Round "2"]
[White "David, Rene"]
[Black "Proehl, Holger"]
[Result "1/2-1/2"]
[WhiteElo "2235"]
[BlackElo "2365"]
[PlyCount "64"]
[EventDate "1995.??.??"]
[EventType "team"]
[EventRounds "9"]
[EventCountry "GER"]
[SourceTitle "Juniors"]
[Source "ChessBase"]
[SourceDate "1999.07.01"]
[SourceVersion "1"]
[SourceVersionDate "1999.07.01"]
[SourceQuality "1"]

1. d4 d5 2. Nf3 Nf6 3. c4 e6 4. Nc3 c6 5. cxd5 exd5 6. Bg5 Be7 7. Qc2 Nbd7 8. e3 0-0 9. Bd3 Re8 10. 0-0 Nf8 11. h3 h6 12. Bh4 Ne4 13. Bxe7 Qxe7 14. b4 a6 15. a4 Ng5 16. Nxg5 Qxg5 17. Kh2 Nd7 18. b5 axb5 19. axb5 Rxa1 20. Rxa1 Nf6 21. bxc6 bxc6 22. Ra8 Bd7 23. Rxe8+ Nxe8 24. Na2 Qf6 25. Kg1 g6 26. Nb4 Qd6 27. Na6 Kg7 28. Qc5 Kf6 29. Bc2 Ke7 30. Kf1 Ng7 31. Qxd6+ Kxd6 32. Nc5 Bc8 1/2-1/2